Daños y prejuicios sufridos por personal de las FF.AA., GNA, PNA, SPF, PFA relacionados con actos de servicio (Registro nro. 24299)

Detalles MARC
000 -LEADER
fixed length control field 00431 a2200121 4500
001 - CONTROL NUMBER
control field ART_49881
005 - DATE AND TIME OF LATEST TRANSACTION
control field 20260410161843.0
008 - FIXED-LENGTH DATA ELEMENTS--GENERAL INFORMATION
fixed length control field 260409a
100 1# - MAIN ENTRY--PERSONAL NAME
Personal name Torres, Ismael F.
245 10 - TITLE STATEMENT
Title Daños y prejuicios sufridos por personal de las FF.AA., GNA, PNA, SPF, PFA relacionados con actos de servicio
700 1# - ADDED ENTRY--PERSONAL NAME
Personal name Furia de Torres, Lilian Alicia G.
773 0# - HOST ITEM ENTRY
Title RAP
Related parts - Año 41, Nº 491 (ago. 2019)
Record control number REV5941

No hay ítems disponibles.